000 00641nam a2200169 4500
001 33975
003 ES-MaACL
005 20230906154843.0
007 t|
008 030203s1879 sp f |||| | spa d
100 1 _aPeratoner, Amancio.
_990399
245 1 1 _a¡Ladrones!
_b: método para evitarlos : manual para aprender a no ser robado : antología del robo y galería de estafas, hurtos, raterías y artimañas que servirán para avispar a los más incautos ... /
_cGerardo Blanco.
260 _aBarcelona :
_b[s.n.],
_c1879 (
_fTip. de José Miret)
300 _a229 p. ;
_c22 cm.
650 4 _aRobo.
_9144866
852 _aES-MaACL
_jB-7234
999 _c33975
_d33975